Zweiter Weltkrieg in Bildern - Statistiken

Allgemein
  • Dieses Quiz wurde 243 mal gespielt
  • Das Durchschnittsergebnis liegt bei 3 aus 8
Antwortstatistiken
Bildquiz Antwort % Korrekt
Adolf Hitler
98%
D-Day
51%
Bismarck
36%
Nagasaki
28%
Schwerer Gustav
27%
Holocaust
11%
Pearl Habor
9%
Ermächtigungsgesetz
1%
Keine übereinstimmenden Quizze gefunden
Verteilung der Resultate
Anzahl Personen mit jedem Resultat
Perzentil nach korrekt beantworteten Fragen
Ihre Resultats-Entwicklung
Sie haben dieses Quiz noch nicht gespielt